| 000 | 01162nam a2200289 c 4500 | ||
|---|---|---|---|
| 001 | 4970 | ||
| 003 | ES-MaCES | ||
| 005 | 20141221121743.0 | ||
| 008 | 961022s1996 ec ||| | spa d | ||
| 035 | _aCES19980050094m | ||
| 040 |
_aES-MaCES _bspa _cES-MaCES |
||
| 111 | 2 |
_aConferencia sobre el Consejo Económico y Social en España _d1996 _cQuito _9186 |
|
| 245 | 1 | 3 |
_aEl Consejo Económico y Social en España _cAndrés Mellado |
| 260 |
_aQuito _bFundación Friedrich Ebert, Instituto Latinoamericano de Investigaciones Sociales _c1996 |
||
| 300 |
_a6, [2] h. _c30 cm |
||
| 500 | _aIntervención presentada a la Conferencia sobre el Consejo Económico y Social en España, Quito, 17 de septiembre de 1996 | ||
| 541 | _cGratuito | ||
| 610 | 2 | 4 |
_aConsejo Económico y Social (España) _92408 |
| 650 | 4 |
_acomisión consultiva _929196 |
|
| 650 | 4 |
_aorganización institucional _927196 |
|
| 650 | 4 |
_a1996 _930975 |
|
| 653 | 1 | 0 | _aAdministración-Instituciones públicas |
| 710 | 1 |
_aInstituto Latinoamericano de Investigaciones Sociales _eed. _94252 |
|
| 902 | _aDOC Literatura gris | ||
| 942 |
_2CES _cBK _h6.3. |
||
| 999 |
_c4970 _d4970 |
||